La filosofía en su diversidad : (Registro nro. 14744)

Detalles MARC
000 -LEADER
fixed length control field 00959nam a2200277 a 4500
001 - CONTROL NUMBER
control field 000006586
003 - CONTROL NUMBER IDENTIFIER
control field DO-SdBNP
005 - DATE AND TIME OF LATEST TRANSACTION
control field 20240723103759.0
008 - FIXED-LENGTH DATA ELEMENTS--GENERAL INFORMATION
fixed length control field 090901s2001 dr 001 0 spa d
020 ## - INTERNATIONAL STANDARD BOOK NUMBER
International Standard Book Number 9993402222
040 ## - CATALOGING SOURCE
Original cataloging agency DO-SdBNP
Language of cataloging spa
Transcribing agency BPMSU
082 #4 - DEWEY DECIMAL CLASSIFICATION NUMBER
Classification number 100
Item number R789f 2001
Edition number 22
100 1# - MAIN ENTRY--PERSONAL NAME
Personal name Rosario Jiménez, José,
Dates associated with a name 1953-
245 13 - TITLE STATEMENT
Title La filosofía en su diversidad :
Remainder of title compendio de las principales corrientes filosóficas clásicas y contemporáneas /
Statement of responsibility, etc. José Rosario Jiménez.
260 ## - PUBLICATION, DISTRIBUTION, ETC. (IMPRINT)
Place of publication, distribution, etc. Santo Domingo :
Name of publisher, distributor, etc. Editora Corripio,
Date of publication, distribution, etc. 2001.
300 ## - PHYSICAL DESCRIPTION
Extent 254 p. :
Other physical details il., retrs.
500 ## - GENERAL NOTE
General note Incluye datos biográficos del autor en la contracubierta
504 ## - BIBLIOGRAPHY, ETC. NOTE
Bibliography, etc Bibliografía : p. 251- 254.
590 ## - LOCAL NOTE (RLIN)
Local note Inventariado, 2024/VM
650 #4 - SUBJECT ADDED ENTRY--TOPICAL TERM
Topical term or geographic name as entry element Filosofía
General subdivision Enseñanza
650 #4 - SUBJECT ADDED ENTRY--TOPICAL TERM
Topical term or geographic name as entry element Filosofía
General subdivision Historia
650 #4 - SUBJECT ADDED ENTRY--TOPICAL TERM
Topical term or geographic name as entry element Categorías (filosofía)
650 #4 - SUBJECT ADDED ENTRY--TOPICAL TERM
Topical term or geographic name as entry element Filosofía moderna
910 ## - USER-OPTION DATA (OCLC)
User-option data VMateo V.Control de calidad. BPMSU
942 ## - ADDED ENTRY ELEMENTS (KOHA)
Source of classification or shelving scheme Dewey Decimal Classification
Koha item type Libros
Existencias
Withdrawn status Lost status Source of classification or shelving scheme Damaged status Not for loan Collection code Home library Current library Date acquired Total Checkouts Full call number Barcode Date last seen Price effective from Koha item type
    Dewey Decimal Classification     Colección Dominicana Biblioteca Pública Metropolitana Salomé Ureña Biblioteca Pública Metropolitana Salomé Ureña 07/23/2024   BPMSU CD 100 R789f 2001 BPMSU24070099 07/23/2024 07/23/2024 Libros